[Event "Petroff Mem Open"]
[Site "St Petersburg RUS"]
[Date "2000.02.10"]
[Round "4"]
[White "Tolstikh,N"]
[Black "Balashov,Y"]
[Result "0-1"]
[WhiteElo "2419"]
[BlackElo "2534"]

1.Nf3 d5 2.g3 g6 3.Bg2 Bg7 4.d4 Nf6 5.O-O O-O 6.c3 Nbd7 7.Bf4 c6 8.Qc1 Re8
9.Rd1 Qb6 10.Nbd2 c5 11.h3 a5 12.Qc2 a4 13.Rac1 Nf8 14.dxc5 Qxc5 15.e4 Nxe4
16.Nxe4 dxe4 17.Qxe4 e5 18.Be3 Qb5 19.Rd2 Bd7 20.Qh4 Bc6 21.Bf1 Qa5 22.Nh2 f5
23.Rcd1 Qc7 24.Qb4 Ne6 25.Bb5 f4 26.Bxc6 Qxc6 27.gxf4 exf4 28.Bxf4 Bf8 29.Bd6 Ng5
30.Qg4 Ne4 31.Bxf8 Nxd2 32.Bh6 Ne4 33.Qd7 Qxd7 34.Rxd7 b5 35.Ng4 Re6 36.Be3 h5
37.Nh2 Rf8 38.Rb7 Rf5 39.Kg2 a3 40.bxa3 Nxc3 41.Nf3 Nd5 42.Nd4 Nxe3+ 43.fxe3 Rg5+
44.Kf3 Rf6+ 45.Ke4 Rg3 46.h4 Rf7 47.Rxb5 Re7+ 48.Kd5 Rgxe3 49.Rb3 Rd7+ 50.Kc5 Re5+
51.Kc4 Re4 52.Rd3 Rxh4 53.a4 Rf4 54.a5 h4 55.a6 h3  0-1

[Event "Petroff Mem Open"]
[Site "St Petersburg RUS"]
[Date "2000.02.10"]
[Round "4"]
[White "Burmakin,V"]
[Black "Novitzkij,D"]
[Result "0-1"]
[WhiteElo "2567"]
[BlackElo "2328"]

1.Nf3 d5 2.g3 g6 3.Bg2 Bg7 4.O-O e5 5.c4 c6 6.Qa4 Nd7 7.cxd5 cxd5 8.Nc3 Ne7
9.d3 O-O 10.Bg5 Nb6 11.Qa3 f6 12.Bd2 Be6 13.Na4 Nxa4 14.Qxa4 Nc6 15.Rfc1 Qd7
16.Qd1 Rfd8 17.Be3 Qf7 18.d4 h6 19.dxe5 fxe5 20.Bc5 Rac8 21.h3 b6 22.Ba3 e4
23.Ne1 Qf5 24.e3 b5 25.Nc2 a5 26.b4 Bxa1 27.Rxa1 Nxb4 28.Nxb4 axb4 29.Bxb4 Rc4
30.a3 d4 31.exd4 Rcxd4 32.Qe1 Qd5 33.Qe3 g5 34.h4 Rd7 35.Rc1 Rd1+ 36.Rxd1 Qxd1+
37.Kh2 gxh4 38.Bxe4 Qd4 39.Qf4 Rf7 40.Qb8+ Kg7 41.Bg2 Rxf2 42.Qb7+ Rf7 43.Qb8 hxg3+
44.Qxg3+ Kh7 45.Qe1 Bd5 46.Qb1+ Kg7 47.Bxd5 Qxd5 48.Bc3+ Kf8  0-1

[Event "2nd Novak Nikolic mem"]
[Site "Belgrade YUG"]
[Date "2000.02.11"]
[Round "9"]
[White "Martinovic,S"]
[Black "Sherbakov,R"]
[Result "0-1"]
[WhiteElo "2448"]
[BlackElo "2552"]

1.Nf3 d5 2.g3 c6 3.Bg2 Bg4 4.O-O Nd7 5.d4 e6 6.Nbd2 Ngf6 7.Re1 Be7 8.e4 O-O
9.c3 Bh5 10.Qb3 Rb8 11.exd5 cxd5 12.a4 Bg6 13.Nf1 Bd6 14.Nh4 Be4 15.Bg5 h6
16.Bxf6 Nxf6 17.Bxe4 Nxe4 18.f3 Nf6 19.Nd2 a6 20.a5 b5 21.axb6 Rxb6 22.Qc2 Qb8
23.Ra2 e5 24.dxe5 Bxe5 25.Re2 Re8 26.Nf1 Rbe6 27.Kg2 Qb5 28.Rf2 Bc7 29.b3 Bb6
30.Rd2 Qc5 31.Qd3 a5 32.Nf5 Qg1+ 33.Kh3 Re2 34.Nxh6+ gxh6 35.Rxe2 Qxf1+ 36.Kh4 Re5
37.g4 Bf2+  0-1

[Event "Goodricke Open"]
[Site "Calcutta IND"]
[Date "2000.02.11"]
[Round "6"]
[White "Kunte,A"]
[Black "Kaidanov,G"]
[Result "1/2-1/2"]
[WhiteElo "2487"]
[BlackElo "2599"]

1.Nf3 d5 2.g3 g6 3.Bg2 Bg7 4.O-O e5 5.d3 Ne7 6.e4 O-O 7.c3 c5 8.exd5 Nxd5
9.Nbd2 Nc6 10.Re1 Re8 11.a4 h6 12.Nc4 Nb6 13.Be3  1/2-1/2

[Event "Open"]
[Site "Bunratty IRL"]
[Date "2000.02.12"]
[Round "4"]
[White "Keogh,E"]
[Black "O'Brien,Ri"]
[Result "1-0"]
[WhiteElo "2167"]
[BlackElo "2086"]

1.Nf3 d5 2.g3 c5 3.Bg2 Nc6 4.d4 Nf6 5.O-O cxd4 6.Nxd4 g6 7.c4 Bg7 8.Nc3 O-O
9.Nxc6 bxc6 10.cxd5 cxd5 11.Nxd5 Rb8 12.e4 Nxd5 13.exd5 Bf5 14.Qe2 Re8 15.g4 Bd7
16.Re1 Bb5 17.Qe4 e6 18.Bf4 e5 19.Be3 Bd7 20.b3 f5 21.gxf5 gxf5 22.Qc4 f4
23.Bxa7 Rc8 24.Qe4 Qg5 25.f3 Bf5 26.Qa4 Red8 27.Kh1 Rd6 28.Rac1 Rxc1 29.Qe8+ Bf8
30.Rxc1 Rg6 31.Rg1 Qh5 32.Bc5 Qh6 33.Bxf8 Qxf8 34.Qxe5 Bh3 35.Bxh3 Rxg1+
36.Kxg1 Qc5+ 37.Kf1  1-0

[Event "Goodricke Open"]
[Site "Calcutta IND"]
[Date "2000.02.12"]
[Round "7"]
[White "Payen,A"]
[Black "Neelakantan,N"]
[Result "1-0"]
[WhiteElo "2376"]
[BlackElo "2213"]

1.Nf3 d5 2.g3 Nc6 3.d4 Bg4 4.Bg2 Qd7 5.h3 Bf5 6.Nh4 Be6 7.Be3 O-O-O 8.Nc3 g6
9.f4 h5 10.Nf3 f6 11.Bf2 Nh6 12.Qd2 Nf5 13.O-O-O Nd6 14.Nh4 Nc4 15.Qe1 Bf7
16.e4 e6 17.Nf3 N6a5 18.Nd2 Nxd2 19.Qxd2 Nc4 20.Qd3 Qc6 21.Nb1 Qa6 22.Qb3 Rd6
23.Bf1 Rb6 24.Bxc4 dxc4 25.Qc3 Bb4 26.Qf3 Qxa2 27.d5 Rb5 28.dxe6 Bxe6 29.Bd4 Rf8
30.g4 hxg4 31.hxg4 f5 32.gxf5 gxf5 33.Qh3 c3 34.Bxc3 fxe4 35.Qh6 Bc5 36.Rhe1 e3
37.Rd4 Rg8 38.Re4 Bf5 39.Re5 Qf7 40.Qh1 a6 41.Qf1 Bg4 42.Qd3 Qxf4 43.Re4 Qf7
44.Rf1 Qd7 45.Qc4 Rg6 46.b4 e2 47.Rh1 Bf8 48.Rh8 Rf5 49.Kb2 Rf1 50.Rf4 Rxb1+
51.Kxb1 e1=Q+ 52.Bxe1 Qg7 53.Rhxf8+  1-0

[Event "Petroff Mem Open"]
[Site "St Petersburg RUS"]
[Date "2000.02.12"]
[Round "5"]
[White "Loginov,Va"]
[Black "Deviatkin,A"]
[Result "1/2-1/2"]
[WhiteElo "2512"]
[BlackElo "2410"]

1.Nf3 d5 2.g3 Nf6 3.Bg2 c6 4.O-O Bg4 5.c4 e6 6.d3 Nbd7 7.cxd5 cxd5 8.Nc3 Be7
9.Bf4 O-O 10.Rc1 a6 11.Rc2 Rc8 12.Qc1 Bxf3 13.Bxf3 Nb8 14.Bxb8 Rxb8 15.e4 dxe4
16.dxe4 Qa5 17.Re1 e5 18.a3 Qb6 19.Nd1 Qe6 20.Ne3 Rfc8 21.Ree2 Bd8 22.Kg2 g6
23.h3 Bb6 24.Bg4 Rxc2 25.Qxc2 Qe7 26.Bf3 Qe6 27.Bg4 Qe7 28.Bf3 Qe6 29.Ng4 Nxg4
30.Bxg4 Qf6 31.h4 h5 32.Bd7 Rd8 33.Ba4 Kg7 34.Bb3 Rd7 35.Bd5 Qe7 36.Qb3 Bd4
37.Rc2 b6 38.Rc6 Rc7 39.Qc2 Rxc6 40.Bxc6 Qc5 41.Qxc5 Bxc5  1/2-1/2

[Event "Goodricke Open"]
[Site "Calcutta IND"]
[Date "2000.02.13"]
[Round "8"]
[White "Mishra,N"]
[Black "Dongre,R"]
[Result "1/2-1/2"]
[WhiteElo "2316"]
[BlackElo "2185"]

1.Nf3 d5 2.g3 c5 3.Bg2 Nc6 4.d4 e6 5.O-O Nf6 6.c4 Be7 7.cxd5 exd5 8.dxc5 Bxc5
9.Qc2 Bb6 10.a3 O-O 11.b4 Be6 12.Bb2 Rc8 13.Qd3 Ne4 14.Nbd2 f5 15.Nb3 f4
16.Nbd4 Bg4 17.Rac1 fxg3 18.hxg3 a6 19.Nxc6 bxc6 20.Bd4 a5 21.Qe3 Bxd4 22.Nxd4 c5
23.bxc5 Nxc5 24.Qe5 Kh8 25.Rfd1 Re8 26.Qxd5 Qxd5 27.Bxd5 g6 28.Bc6 Bxe2 29.Rd2 Nd3
30.Nxe2 Nxc1 31.Bxe8 Rxe8 32.Nxc1 Re1+ 33.Kg2 Rxc1 34.Rd5 a4 35.Rd4 Ra1 36.Rxa4 Kg7
37.f4 h5 38.Ra6 Rc1 39.Rb6 Rc3 40.a4 h4 41.gxh4 Rc4 42.a5 Rxf4 43.Kg3 Ra4
44.a6 Kh6 45.Rd6 Kh5  1/2-1/2

[Event "8th Valle d'Aosta Open"]
[Site "Saint Vincent ITA"]
[Date "2000.02.13"]
[Round "2"]
[White "Romanishin,O"]
[Black "Sedina,E"]
[Result "1-0"]
[WhiteElo "2578"]
[BlackElo "2419"]

1.Nf3 d5 2.g3 Bg4 3.Bg2 Nd7 4.c4 e6 5.d4 c6 6.O-O Ngf6 7.Qb3 Qb6 8.Nc3 Be7
9.Bf4 O-O 10.c5 Qxb3 11.axb3 h6 12.b4 a6 13.Nd2 Nh5 14.Be3 Bf5 15.h3 Bg6
16.g4 Nhf6 17.f4 Rfe8 18.Bf2 Bd8 19.Bg3 Bc7 20.Bh2 Nh7 21.f5 Bxh2+ 22.Kxh2 exf5
23.gxf5 Bh5 24.e4 dxe4 25.Ndxe4 Rab8 26.d5 cxd5 27.Nd6 Re5 28.Nxd5 Be2 29.Rf2 Bb5
30.Nxb5 axb5 31.Ra5 b6 32.Rxb5 bxc5 33.Rxb8+ Nxb8 34.bxc5 Nc6 35.f6 Ng5 36.Rf4 Ne6
37.Rg4 Nxc5 38.fxg7 Nd7 39.b4 Rg5 40.b5 Nce5 41.Re4 Kxg7 42.b6 Nc5 43.Rb4 Ned7
44.b7 Na6 45.Rc4 Re5 46.Rc8 Re2 47.Rd8 Ndc5 48.b8=Q Nxb8 49.Rxb8 Ne6 50.Rb4 Ng5
51.h4 Nf3+ 52.Kg3 Ne5 53.Rb3 Rd2 54.Ne3 Rd3 55.Rxd3 Nxd3 56.Be4 Nc5 57.Bf5 Nb7
58.Kg4 Nd6 59.Bd3 Kf6 60.Kh5 Kg7 61.Bb1 f6 62.Bg6 f5 63.Bxf5 Ne8 64.Kg4 Nf6+
65.Kf4 Ng8 66.Bb1 Ne7 67.Ke5 Nc6+ 68.Kd5 Nd8 69.Kd6 Kf6 70.Ng4+ Kg7 71.Be4 h5
72.Ne3 Nf7+ 73.Ke6 Nh6 74.Bf3 Kg6 75.Ng2 Ng4 76.Bxg4  1-0

[Event "Petroff Mem Open"]
[Site "St Petersburg RUS"]
[Date "2000.02.14"]
[Round "7"]
[White "Loginov,Va"]
[Black "Hachatrian,V"]
[Result "1-0"]
[WhiteElo "2512"]
[BlackElo "2370"]

1.Nf3 d5 2.g3 Nf6 3.Bg2 g6 4.c4 c6 5.d4 Bg7 6.Qb3 O-O 7.Nc3 dxc4 8.Qxc4 Nbd7
9.O-O Nb6 10.Qd3 Be6 11.Rd1 Bc4 12.Qc2 Nfd5 13.Nxd5 cxd5 14.b3 Ba6 15.Ba3 Qd7
16.Qd2 Rfc8 17.Rac1 e6 18.h4 h5 19.Ne5 Qe8 20.e4 Rxc1 21.Rxc1 dxe4 22.Bxe4 Rd8
23.Qe3 Nd7 24.Qf4 Nf6 25.Bf3 Rc8 26.Rxc8 Qxc8 27.Be7 Qc3 28.Bg2 Qe1+ 29.Kh2 Ng4+
30.Nxg4 hxg4 31.h5 gxh5 32.d5 exd5 33.Bf6 Qe6 34.Bxg7 Kxg7 35.Qg5+ Qg6 36.Qxd5 b6
37.Qe5+ Qf6 38.Qxh5 Qxf2 39.Qxg4+ Kf6 40.Qh4+ Kg6 41.Qe4+ Kg5 42.Qe7+ Kg4
43.Qd7+ Kg5 44.Qxa7 Bf1 45.Qe7+ f6 46.Qg7+ Kh5 47.Qh7+ Kg5 48.Qh4+ Kg6 49.Qg4+ Kf7
50.Qf3 Qxf3 51.Bxf3 Ke6 52.a4 Ke5 53.Kg1 Ba6 54.Kf2 Kd4 55.b4 Bc8 56.Be2 Kc3
57.b5 Kb4 58.Bd1 Kc3 59.Ke3 Be6 60.a5 bxa5 61.b6 Bc8 62.Bf3 a4 63.b7 Bxb7
64.Bxb7 a3 65.Bd5  1-0

[Event "Goodricke Open"]
[Site "Calcutta IND"]
[Date "2000.02.15"]
[Round "10"]
[White "Sasikiran,K"]
[Black "Harikrishna,P"]
[Result "1-0"]
[WhiteElo "2514"]
[BlackElo "2354"]

1.Nf3 d5 2.g3 Nf6 3.Bg2 c5 4.O-O Nc6 5.d3 e6 6.Nbd2 Be7 7.e4 O-O 8.Re1 b5
9.e5 Nd7 10.Nf1 a5 11.h4 Qc7 12.Bf4 b4 13.Ne3 a4 14.a3 Bb7 15.Ng4 Rfd8 16.Ng5 Nf8
17.h5 h6 18.Nf6+ Bxf6 19.exf6 e5 20.fxg7 exf4 21.gxf8=Q+ Kxf8 22.Nh3 bxa3
23.bxa3 fxg3 24.Qd2 gxf2+ 25.Nxf2 Qd6 26.Ng4 Bc8 27.Nxh6 Qf6 28.c3 Ne5 29.Rf1 Qg7
30.Rae1 Ra6 31.Rxe5 Rxh6 32.Rg5 Qh7 33.Qe2 Be6 34.Qe5 Qh8 35.Qc7 Ke8 36.Qc6+ Rd7
37.Qa8+ Rd8 38.Qxa4+ Kf8 39.Qa5 Rc8 40.Qb6 Rxh5 41.Rxh5 Qxh5 42.Qxe6 Rd8
43.Qf5  1-0

[Event "Goodricke Open"]
[Site "Calcutta IND"]
[Date "2000.02.16"]
[Round "11"]
[White "Kunte,A"]
[Black "Goloshchapov,A"]
[Result "1-0"]
[WhiteElo "2487"]
[BlackElo "2561"]

1.Nf3 d5 2.g3 Bg4 3.Bg2 Nd7 4.c4 e6 5.cxd5 exd5 6.O-O c6 7.h3 Bxf3 8.Bxf3 Ngf6
9.Bg2 Bc5 10.d3 O-O 11.Nc3 Re8 12.Rb1 a5 13.a3 Qe7 14.Bd2 h6 15.Kh2 Bd4 16.e3 Bc5
17.Ne2 a4 18.Bc3 Bd6 19.Nd4 g6 20.Qc2 Nc5 21.Rbe1 Nfd7 22.e4 dxe4 23.dxe4 Be5
24.f4 Bg7 25.e5 Ne6 26.Nxe6 Qxe6 27.Rd1 Nb6 28.Rd6 Qb3 29.Qf2 Rad8 30.Rxd8 Rxd8
31.Ba5 c5 32.Qxc5 Nd7 33.Qc7  1-0

[Event "Goodricke Open"]
[Site "Calcutta IND"]
[Date "2000.02.16"]
[Round "11"]
[White "Gokhale,J"]
[Black "Chandanani,G"]
[Result "1-0"]
[WhiteElo "2305"]
[BlackElo "2153"]

1.Nf3 d5 2.g3 Bg4 3.Bg2 Nf6 4.O-O e6 5.d3 Bd6 6.Nbd2 c6 7.e4 Nbd7 8.Qe2 dxe4
9.dxe4 e5 10.h3 Bh5 11.Nc4 Bc7 12.a4 O-O 13.b4 Re8 14.Rd1 Qb8 15.g4 Bg6 16.g5 Nxe4
17.Rxd7 Nc3 18.Qd2 Nd5 19.Ne3 Nf4 20.Nh4 Bh5 21.Nhf5 Ne2+ 22.Kh1 Nd4 23.Bb2 Nf3
24.Qd1 e4 25.Ng4 Bxg4 26.hxg4 Be5 27.Bxe5 Qxe5 28.Bxf3 exf3 29.Qd4  1-0

[Event "Petroff Mem Open"]
[Site "St Petersburg RUS"]
[Date "2000.02.16"]
[Round "9"]
[White "Burmakin,V"]
[Black "Feoktistov,A"]
[Result "1-0"]
[WhiteElo "2567"]
[BlackElo "2373"]

1.Nf3 d5 2.g3 g6 3.Bg2 Bg7 4.d4 Nh6 5.O-O O-O 6.Nbd2 Nf5 7.c3 Nd6 8.Re1 Nd7
9.e4 dxe4 10.Nxe4 Nxe4 11.Rxe4 Nf6 12.Re1 Nd5 13.Ne5 c6 14.Bd2 Bf5 15.Qc1 Re8
16.Bh6 Bh8 17.Qd1 Qc7 18.Qf3 Bf6 19.Bf1 Rad8 20.a3 Qc8 21.Bg2 Be6 22.Qe2 Qc7
23.Nd3 Qc8 24.Nc5 Bg4 25.Qc4 Qc7 26.a4 a5 27.Qb3 Bc8 28.Nd3 Bf5 29.Ne5 Be6
30.Qa3 Nb6 31.Bf4 Qc8 32.Qc5 Nd5 33.Bh6 Qc7 34.Nd3 Bf5 35.Nf4 Nb6 36.Qxa5 e5
37.dxe5 Rxe5 38.Rxe5 Bxe5 39.Re1 f6 40.h4 Bd6 41.Bf1 Kf7 42.Qxb6 Qxb6 43.Bc4+ Be6
44.Rxe6 Bxf4 45.Rxc6+ Ke7 46.Rxb6 Bxh6 47.Rxb7+ Rd7 48.Rxd7+ Kxd7 49.Bg8 Bc1
50.Bxh7 Bxb2 51.Bxg6 Bxc3 52.Bf5+ Ke7 53.Kg2 Kf7 54.Kf3 Kg7 55.g4  1-0

[Event "Masters KO"]
[Site "Cannes FRA"]
[Date "2000.02.19"]
[Round "1.1"]
[White "Tkachiev,V"]
[Black "Delabaca,R"]
[Result "1-0"]
[WhiteElo "2670"]
[BlackElo "2082"]

1.Nf3 d5 2.g3 c6 3.Bg2 Nf6 4.O-O Bf5 5.d3 h6 6.c4 e6 7.Be3 dxc4 8.dxc4 Qxd1
9.Rxd1 Nbd7 10.Nc3 Bc5 11.Nd4 Bg6 12.Na4 Be7 13.Nb3 Ng4 14.Bf4 e5 15.Bd2 Bc2
16.Rdc1 Bf5 17.h3 Ngf6 18.Na5 O-O-O 19.Be3 Bb4 20.Nb3 Kb8 21.a3 Be7 22.Na5 Rc8
23.b4 Be4 24.Bxe4 Nxe4 25.Rab1 b6 26.Nb3 Rhd8 27.Kg2 Nf8 28.Nb2 Kb7 29.Nd3 f6
30.a4 Ne6 31.c5 Nd4 32.Bxd4 exd4 33.cxb6 axb6 34.a5 Nc3 35.Rb2 Nb5 36.axb6 Kxb6
37.Rbc2 Na3 38.Ra2 Nb5 39.Rca1 Kc7 40.Rc2 Kb6  1-0

[Event "Masters KO"]
[Site "Cannes FRA"]
[Date "2000.02.19"]
[Round "1.1"]
[White "Markowski,T"]
[Black "Boudre,JP"]
[Result "1-0"]
[WhiteElo "2531"]
[BlackElo "2334"]

1.g3 d5 2.Nf3 Bg4 3.Bg2 Nd7 4.c4 e6 5.cxd5 exd5 6.O-O Ngf6 7.d3 Bc5 8.Nc3 c6
9.Qb3 Bb6 10.Na4 O-O 11.Nxb6 axb6 12.Bf4 Re8 13.Rfe1 Nc5 14.Qc2 Ne6 15.Be3 Nd7
16.Nd4 Ndf8 17.Nxe6 Nxe6 18.a4 d4 19.Bd2 Nc7 20.h3 Be6 21.a5 b5 22.Qc5 Na6
23.Qh5 Qd7 24.Rac1 Nc7 25.Qh4 Rad8 26.Rc5 f6 27.Bf3 Bd5 28.Bxd5+ Nxd5 29.Qg4 Nc7
30.Qxd7 Rxd7 31.Kf1 Kf7 32.Rc2 Na6 33.b4 Rd5 34.h4 h5 35.Rb2 Kg6 36.Rb3 Rd7
37.Kg2 Kf5 38.Kf3 Rde7 39.e4+ dxe3 40.fxe3 Rd7 41.Rg1 Kg6 42.g4 hxg4+ 43.Rxg4+ Kf7
44.d4 Nc7 45.Rb1 Ne6 46.Rbg1 Rh8 47.Ke4 Rd5 48.Rf1 Rdd8 49.Be1 Ke7 50.Kd3 Rh7
51.Rg2 Rhh8 52.Ke4 Kf7 53.Bf2 Rhe8 54.Kf3 Rh8 55.Rd1 Nc7 56.Rf1 Rh7 57.Bg3 Na6
58.Be1 Rd7 59.Rg4 Re7 60.Ke2 Nc7 61.Kd3 Ne8 62.Bg3 Rh5 63.Bf4 Re6 64.Rf2 Kg8
65.Bg3 Kf7 66.Bb8 Kg8 67.Bg3 Kf7 68.e4 Kg8 69.Bb8 Kf7 70.Rgf4  1-0

[Event "WIM"]
[Site "Hammershoj, Jutland DEN"]
[Date "2000.02.19"]
[Round "8"]
[White "Lauterbach,I"]
[Black "Vovk,O"]
[Result "1-0"]
[WhiteElo "2182"]
[BlackElo "2081"]

1.Nf3 d5 2.g3 c5 3.Bg2 Nc6 4.d3 Nf6 5.Nbd2 e6 6.O-O Be7 7.e4 Qc7 8.Re1 O-O
9.c3 dxe4 10.dxe4 Rd8 11.Qc2 b6 12.Nc4 Ba6 13.Bf4 Qc8 14.Bf1 b5 15.Na3 c4
16.Nb1 Bc5 17.Bg5 Rd7 18.Bxf6 gxf6 19.Nbd2 Bb7 20.b3 Rb8 21.bxc4 b4 22.Nb3 bxc3
23.Nxc5 Nb4 24.Qxc3 Qxc5 25.a3 Nc6 26.Qxf6 Nd4 27.Nxd4 Rxd4 28.Rab1 a6 29.Re3 Rd7
30.Reb3 Qc6 31.Qf4 Rc8 32.f3 Rcc7 33.Qg5+ Kf8 34.Qe5 Kg8 35.Qa5 Rd4 36.Qe5 Rdd7
37.Rb6 Qa4 38.Qc3 f5 39.Rxe6 fxe4 40.Qf6 Rf7 41.Qg5+ Kf8 42.Qd8+ Kg7 43.Qd4+ Kg8
44.fxe4 Qxa3 45.Re8+ Rf8 46.Rxf8+ Qxf8 47.c5 h6 48.Bh3 Qe7 49.Bf5 Rxc5 50.Rf1 Rc6
51.Rd1 Rc7 52.Qb6 Kg7 53.Qg6+ Kf8 54.Qxh6+ Qg7 55.Rd8+  1-0

[Event "ch-Serbia"]
[Site "Kragujevac YUG"]
[Date "2000.02.19"]
[Round "1"]
[White "Ostojic,N"]
[Black "Trifunovic,M"]
[Result "1/2-1/2"]
[WhiteElo "2419"]
[BlackElo "2279"]

1.Nf3 d5 2.g3 Nf6 3.Bg2 e6 4.O-O Be7 5.d3 c5 6.Nbd2 Nc6 7.e4 Qc7 8.Re1 b6
9.h4 h6 10.Qe2 Ba6 11.e5 Nd7 12.c4 dxc4 13.Nxc4 O-O-O 14.Bf4 Nb4 15.a3 Nd5
16.Qd2 Nb8 17.Rec1 Nc6 18.b4 Kb8 19.bxc5 Bxc5 20.a4 Ndb4 21.Nd6 Bxd3 22.Qd1 a5  1/2-1/2

[Event "Belgian Interteams 1999-2000"]
[Site "Antwerp BEL"]
[Date "2000.02.20"]
[Round "10"]
[White "Kern,G"]
[Black "Marcus,J"]
[Result "1-0"]
[WhiteElo "2361"]
[BlackElo "2274"]

1.Nf3 d5 2.g3 c6 3.Bg2 Bg4 4.c4 e6 5.O-O Nd7 6.cxd5 exd5 7.Nc3 Ngf6 8.d3 Be7
9.Qc2 O-O 10.e4 dxe4 11.dxe4 Nc5 12.Rd1 Qc8 13.Re1 Rd8 14.Be3 Bh3 15.Rad1 Bxg2
16.Kxg2 Ne6 17.h3 b6 18.Rxd8+ Qxd8 19.Rd1 Qc7 20.e5 Nd7 21.Nb5 Qb7 22.Nc3 Rd8
23.Qe4 Ndc5 24.Rxd8+ Bxd8 25.Bxc5 Nxc5 26.Qc4 Ne6 27.Nd2 Qd7 28.Qe2 Bc7 29.f4 Nc5
30.Nf3 Qd3 31.Qxd3 Nxd3 32.b3 a6 33.Kf1 c5 34.Ke2 Nb4 35.Ke3 Kf8 36.Ke4 Bd8
37.Nd2 Ke8 38.Nc4 Kd7 39.g4 b5 40.Ne3 Be7 41.Ned5 Nc6 42.g5 Bf8 43.f5 Na5
44.Ne3 Kc6 45.h4 c4 46.bxc4 bxc4 47.h5 Kc5 48.Ncd5 Nc6 49.Nc7 Be7 50.f6 gxf6
51.gxf6 Bd8 52.Ne8 c3 53.Nc2 Nb4 54.Nxb4 Kxb4 55.Kd3 Bb6 56.Nd6 Bd4 57.Nxf7 Ka3
58.Kc2 Kxa2 59.Ng5 Bxe5 60.f7 Bg7 61.Nxh7 a5 62.f8=Q Bxf8 63.Nxf8 a4 64.h6  1-0

[Event "Open"]
[Site "Cannes FRA"]
[Date "2000.02.20"]
[Round "1"]
[White "Petrov,Vo"]
[Black "Letreguilly,O"]
[Result "0-1"]
[WhiteElo "2023"]
[BlackElo "2260"]

1.Nf3 d5 2.g3 c5 3.Bg2 Nc6 4.d4 e6 5.O-O Nf6 6.b3 Be7 7.Bb2 O-O 8.Nbd2 b6
9.c4 Bb7 10.Re1 Rc8 11.cxd5 Nxd5 12.Nc4 b5 13.Nce5 Nxe5 14.Nxe5 c4 15.Bxd5 exd5
16.Rc1 Bd6 17.e3 f6 18.Nf3 Qd7 19.bxc4 dxc4 20.e4 b4 21.e5 fxe5 22.Nxe5 Bxe5
23.Rxe5 c3 24.Ba1 Bd5 25.Qc2 Qf7 26.Rb1 a5 27.Rxd5 Qxd5 28.a3 Qc4 29.axb4 axb4
30.Qa4 c2 31.Rc1 Ra8  0-1

[Event "16th open"]
[Site "Cappelle La Grande FRA"]
[Date "2000.02.20"]
[Round "2"]
[White "Payen,A"]
[Black "Hanley,C"]
[Result "0-1"]
[WhiteElo "2376"]
[BlackElo "2231"]

1.Nf3 d5 2.g3 Nf6 3.Bg2 Bg4 4.d3 Nbd7 5.Nbd2 e5 6.e4 dxe4 7.dxe4 Bc5 8.O-O O-O
9.h3 Bh5 10.Qe1 c6 11.Nh4 Re8 12.Nf5 Bg6 13.Nc4 Bxf5 14.exf5 e4 15.b4 Bd4
16.c3 Ne5 17.Nxe5 Bxe5 18.Bg5 Qd3 19.Rc1 a5 20.a3 h6 21.Bxf6 Bxf6 22.Qd1 axb4
23.axb4 Ra2 24.Re1 Rd2 25.Qg4 e3 26.fxe3 Rxe3  0-1

[Event "8th Valle d'Aosta Open"]
[Site "Saint Vincent ITA"]
[Date "2000.02.20"]
[Round "9"]
[White "Sarno,S"]
[Black "De la Villa Garcia,J"]
[Result "1/2-1/2"]
[WhiteElo "2391"]
[BlackElo "2460"]

1.Nf3 d5 2.g3 Bg4 3.Bg2 Nd7 4.c4 e6 5.b3 Ngf6 6.O-O c6 7.Bb2 Bd6 8.d3 O-O
9.Nc3 Qe7 10.h3 Bxf3 11.Bxf3 Ba3 12.Qc1 Bxb2 13.Qxb2 a5 14.Bg2 d4 15.Nb1 e5
16.Nd2 Nc5 17.a3 Nfd7 18.Qc2 Ne6 19.Rfe1 f5 20.Nf3 Qf6 21.Kh2 Ra6 22.Rab1 Ng5
23.c5 Ne6 24.b4 axb4 25.axb4 Rfa8 26.Nd2 Ra3 27.Rb3 Ra2 28.Rb2 R2a3 29.Rb3 Ra2
30.Rb2 R2a3  1/2-1/2

[Event "16th open"]
[Site "Cappelle La Grande FRA"]
[Date "2000.02.21"]
[Round "3"]
[White "Grabarczyk,M"]
[Black "Danielian,E"]
[Result "1-0"]
[WhiteElo "2522"]
[BlackElo "2331"]

1.Nf3 d5 2.g3 Nf6 3.Bg2 Bf5 4.O-O Nbd7 5.d3 e5 6.Nbd2 Be7 7.Re1 e4 8.Nh4 Be6
9.dxe4 dxe4 10.Nxe4 Nxe4 11.Bxe4 Bxh4 12.gxh4 Qxh4 13.Bxb7 Rb8 14.Bg2 Ne5
15.Qd2 O-O 16.Qf4 Qh5 17.b3 f6 18.Qg3 Rbd8 19.Be3 a6 20.f3 Qf5 21.Rac1 Rf7
22.Kh1 Nc6 23.Bg1 Qa5 24.a4 Rfd7 25.f4 Nd4 26.e4 c5 27.f5 Bf7 28.e5 fxe5
29.Rxe5 Qb6 30.Qg5 h6 31.Qh4 Bd5 32.Qg3 Qc6 33.Rf1 Qf6 34.Bxd4 cxd4 35.Bxd5+ Rxd5
36.Re6 Qf7 37.Rg6 Kh7 38.Rg1 R8d7 39.f6 gxf6 40.Qd3 f5 41.Qxa6 Qf8 42.Qd3 Re5
43.Qf3 Re3 44.Qg2 f4 45.Rxh6+  1-0

[Event "ch-Serbia"]
[Site "Kragujevac YUG"]
[Date "2000.02.22"]
[Round "4"]
[White "Popovic,Dj"]
[Black "Scekic,M"]
[Result "1/2-1/2"]
[WhiteElo "2313"]
[BlackElo "2454"]

1.Nf3 d5 2.g3 c6 3.Bg2 Nf6 4.O-O Bg4 5.d4 Nbd7 6.Nbd2 e6 7.Re1 Be7 8.e4 dxe4
9.Nxe4 Nxe4 10.Rxe4 Nf6 11.Re1 O-O 12.c3 Re8 13.Qb3 Bxf3 14.Bxf3 Qd7 15.a4 a5
16.Bd2 Nd5 17.Be2 g6 18.Rad1 Qc7 19.Bf1 Rad8 20.Bc1 Bf6 21.Qc2 e5 22.dxe5 Rxe5
23.Rxe5 Qxe5 24.Bc4 Nb6 25.Bb3 Rxd1+ 26.Qxd1 Nd5 27.Bxd5 Qxd5 28.Qxd5 cxd5
29.Kf1 Kf8 30.Ke2 Ke8 31.Be3 Kd7 32.Bb6 Bd8 33.Bxd8 Kxd8 34.Kd3 Kd7 35.Kd4 Kd6
36.b4 b6 37.f4 f5 38.h3 h6 39.Kd3 Kd7 40.Ke2 Ke7 41.Ke3 Ke6 42.Kd3 Kd7 43.Ke2 Ke7
44.Kd3 Kd7  1/2-1/2

[Event "Open"]
[Site "Cannes FRA"]
[Date "2000.02.23"]
[Round "4"]
[White "Jelic,N"]
[Black "Rosenfeld,I"]
[Result "1-0"]
[WhiteElo "2118"]
[BlackElo "2017"]

1.Nf3 d5 2.g3 Nf6 3.Bg2 g6 4.d3 Bg7 5.O-O O-O 6.Nbd2 b6 7.e4 e6 8.e5 Nfd7
9.d4 c5 10.c3 Nc6 11.a3 Ba6 12.Re1 cxd4 13.cxd4 Rc8 14.b4 Ndb8 15.Bf1 Bxf1
16.Nxf1 Ne7 17.Bd2 Qd7 18.Qb3 Rc4 19.Ne3 Rc7 20.Rac1 Rfc8 21.Rxc7 Rxc7 22.b5 Qc8
23.Kg2 Nd7 24.Bb4 Nf5 25.g4 Nxe3+ 26.Rxe3 Rc1 27.Rc3 Rxc3 28.Bxc3 f6 29.exf6 Bxf6
30.Bb4 Qc7 31.Qe3 Kf7 32.Ng5+ Bxg5 33.Qxg5 Nf6 34.Qh6 Qc8 35.g5 e5 36.gxf6 Qg4+
37.Kf1 Qd1+ 38.Be1 Kxf6 39.Qf8+ Kg5 40.Qe7+ Kh6 41.Qxe5 g5 42.Qxd5 Qd3+ 43.Kg2 Qe2
44.Qe5 Qg4+ 45.Kf1 Qh3+ 46.Ke2 Qg4+ 47.f3 Qh3 48.d5 Qg2+ 49.Bf2 Qh1 50.h4 gxh4
51.Qf6+ Kh5 52.Qxh4+ Qxh4 53.Bxh4 Kxh4 54.d6  1-0

[Event "16th open"]
[Site "Cappelle La Grande FRA"]
[Date "2000.02.23"]
[Round "6"]
[White "Foisor,C"]
[Black "Apicella,M"]
[Result "1/2-1/2"]
[WhiteElo "2315"]
[BlackElo "2509"]

1.Nf3 d5 2.g3 e6 3.Bg2 c6 4.O-O f5 5.c4 Bd6 6.b3 Qe7 7.d4 Nd7 8.Qc2 Ngf6
9.e3 O-O 10.a4 b6 11.Ba3 Bxa3 12.Nxa3 Ba6 13.Rfc1 Ne4 14.Qb2 Qb4 15.cxd5 cxd5
16.Rc7 Qd6 17.Rcc1 Rfc8 18.b4 h6 19.Ne5 Nxe5 20.dxe5 Qd7 21.f3 Ng5 22.f4 Nh7
23.b5 Bb7 24.Rxc8+ Rxc8 25.Rc1 Nf8 26.Rc3 Rxc3 27.Qxc3 Qc8 28.Qxc8  1/2-1/2

[Event "Jersey Open"]
[Site "St Helier JCI"]
[Date "2000.02.24"]
[Round "5"]
[White "Hickman,J"]
[Black "Summerscale,A"]
[Result "0-1"]
[WhiteElo "2116"]
[BlackElo "2430"]

1.Nf3 d5 2.g3 c5 3.Bg2 Nc6 4.O-O e5 5.d3 Nf6 6.Na3 Be7 7.c4 d4 8.Nc2 O-O
9.Rb1 a5 10.e3 Bf5 11.exd4 cxd4 12.Re1 Nd7 13.b3 Bf6 14.Ba3 Re8 15.Qd2 h6
16.Rbc1 Bh7 17.Re2 Qc7 18.Rce1 Red8 19.h4 e4 20.Rxe4 Bxe4 21.Rxe4 Nf8 22.Bh3 Re8
23.Rg4 Ng6 24.Ncxd4 Nxd4 25.Nxd4 h5 26.Rxg6 Bxd4 27.Rg5 f6 28.Rd5 Qxg3+  0-1

[Event "16th open"]
[Site "Cappelle La Grande FRA"]
[Date "2000.02.25"]
[Round "8"]
[White "Genba,V"]
[Black "Petitcunot,Pi"]
[Result "1/2-1/2"]
[WhiteElo "2454"]
[BlackElo "2291"]

1.Nf3 d5 2.g3 Nf6 3.Bg2 Bg4 4.O-O e6 5.d3 Bxf3 6.Bxf3 Nbd7 7.Nd2 c6 8.e4 Qc7
9.d4 dxe4 10.Nxe4 Nxe4 11.Bxe4 Nf6 12.Bf3 Bd6 13.c4 h5 14.Qa4 h4 15.Kg2 Qd7
16.Re1 Kf8 17.Bg5 e5 18.Bxf6 gxf6 19.c5 hxg3 20.hxg3 Qh3+ 21.Kg1 e4 22.Bg2 Qh2+
23.Kf1 Bxg3 24.fxg3 Rh5 25.Bxe4 Qxg3 26.Qb3 Qf4+ 27.Qf3 Rh1+ 28.Kf2 Qd2+
29.Qe2 Qf4+ 30.Qf3 Qd2+ 31.Qe2 Qf4+  1/2-1/2

[Event "Estonian Club Cup 1st leg"]
[Site "Tallinn EST"]
[Date "2000.02.25"]
[Round "?"]
[White "Seeman,T"]
[Black "Shishkov,A"]
[Result "1/2-1/2"]
[WhiteElo "2428"]
[BlackElo "2334"]

1.Nf3 d5 2.g3 c6 3.Bg2 Bg4 4.O-O Nd7 5.d3 Ngf6 6.Nbd2 e5 7.h3 Bh5 8.e4 dxe4
9.dxe4 Be7 10.Qe2 O-O 11.Rd1 Qc7 12.g4 Bg6 13.Nh4 Rfe8 14.Nf5 Bf8 15.Nf1 Nc5
16.N1g3 Ne6 17.g5 Nd7 18.h4 Bxf5 19.exf5 Nf4 20.Qg4 Rad8 21.Be3 Nb6 22.Bxf4 exf4
23.Nh5 Nc4 24.b3 Na3 25.c3 Nb5 26.Rxd8 Rxd8 27.Rc1 Qe5 28.Qxf4 Bd6 29.Qxe5 Bxe5
30.Re1 Bxc3 31.Re7 Nd6 32.f6 gxf6 33.Nxf6+ Bxf6 34.gxf6 Kf8 35.Rc7 Rb8 36.Kh2 Ne8
37.Re7 Nxf6 38.Rc7 Ne8  1/2-1/2

[Event "Estonian Club Cup 1st leg"]
[Site "Tallinn EST"]
[Date "2000.02.25"]
[Round "?"]
[White "Krupenski,Y"]
[Black "Sergejev,R"]
[Result "1/2-1/2"]
[WhiteElo "2183"]
[BlackElo "2377"]

1.Nf3 d5 2.g3 Bg4 3.Bg2 Nd7 4.c4 e6 5.O-O Ngf6 6.d4 c6 7.Qb3 Qb6 8.c5 Qa6
9.Nc3 b6 10.cxb6 axb6 11.e4 dxe4 12.Ng5 Be7 13.Ngxe4 Nd5 14.h3 Bf5 15.g4 Bg6
16.f4 Bxe4 17.Bxe4 Bf6 18.Rd1 O-O 19.Qc2 g6 20.f5 exf5 21.Nxd5 cxd5 22.Bxd5 Rac8
23.Qg2 fxg4 24.Bb7 Qc4 25.Bxc8 gxh3 26.Qe4 Rxc8 27.Bh6 Rd8 28.Rac1 Qxa2 29.Rc7 Qe6
30.Qxe6 fxe6 31.Kh2 Kf7 32.Kxh3 g5 33.d5 e5  1/2-1/2